00697nam a2200217 4500010001300000020001400013035001300027037001800040040001200058082001300070100001700083245007500100260004200175270004700217300002900264505001900293650005100312650005100363650004900414700001600463 aA-351155 a818505441 aA-351155 bCen Lib / Ret aDPLbEN a238bYAD aYadav, K. C. aArya samaj and the freedom movement /cby K. C. Yadav [and] K. S. Arya aNew DelhibManohar Publicationsc1988 a1 Ansari Road DaryaganjbNew Delhie110002 a(v 1. x, 394p)b24cm(Hb) av 1. 1875-1918 aIndia -- Politics and government -- 1857-1919. aIndia -- Politics and government -- 1919-1947. aArya-Samaj -- Political activity -- History. aArya, K. S.